| 000 | 00437nam a2200145 i 4500 | ||
|---|---|---|---|
| 001 | 135288 | ||
| 003 | ES-MaACL | ||
| 005 | 20230906194841.0 | ||
| 007 | t| | ||
| 008 | 070716s1911 sp ||||1| spa d | ||
| 100 | 1 |
_aTorcy, Louis-Joseph-Gilles de. _9110625 |
|
| 245 | 1 | 0 |
_aEspaña y Francia en Marruecos a principios de 1911 / _cLouis-Joseph-Gilles de Torcy. |
| 260 |
_aMadrid : _bAdrián Romo, _c1911. |
||
| 852 |
_aES-MaACL _jF-1413-F-6 |
||
| 999 |
_c135288 _d135288 |
||